Detalles MARC
| 000 -LEADER |
| fixed length control field |
02296nam#a2200265 4500 |
| 001 - CONTROL NUMBER |
| control field |
9781456211509 |
| 003 - CONTROL NUMBER IDENTIFIER |
| control field |
VST |
| 005 - DATE AND TIME OF LATEST TRANSACTION |
| control field |
20250425090629.0 |
| 006 - FIXED-LENGTH DATA ELEMENTS--ADDITIONAL MATERIAL CHARACTERISTICS |
| fixed length control field |
m o d |
| 007 - PHYSICAL DESCRIPTION FIXED FIELD--GENERAL INFORMATION |
| fixed length control field |
cr#un#---uucau |
| 008 - FIXED-LENGTH DATA ELEMENTS--GENERAL INFORMATION |
| fixed length control field |
130513s2013 MEX eng d |
| 020 ## - INTERNATIONAL STANDARD BOOK NUMBER |
| International Standard Book Number |
9781456211509 |
| 040 ## - CATALOGING SOURCE |
| Original cataloging agency |
VST |
| Transcribing agency |
VST |
| Modifying agency |
VST |
| 100 1# - MAIN ENTRY--PERSONAL NAME |
| Personal name |
Zbigniew Kozikowski Zarska |
| Relator term |
author |
| 245 10 - TITLE STATEMENT |
| Title |
Finanzas internacionales, 3rd Edition |
| 250 ## - EDITION STATEMENT |
| Edition statement |
third edition |
| 260 ## - PUBLICATION, DISTRIBUTION, ETC. |
| Place of publication, distribution, etc. |
Mexico : |
| 264 #1 - PRODUCTION, PUBLICATION, DISTRIBUTION, MANUFACTURE, AND COPYRIGHT NOTICE |
| Place of production, publication, distribution, manufacture |
Mexico : |
| Name of producer, publisher, distributor, manufacturer |
McGraw-Hill Interamericana, |
| Date of production, publication, distribution, manufacture, or copyright notice |
2013 |
| 300 ## - PHYSICAL DESCRIPTION |
| Extent |
1 online resource |
| 336 ## - CONTENT TYPE |
| Content type term |
text |
| Content type code |
txt |
| Source |
rdacontent |
| 337 ## - MEDIA TYPE |
| Media type term |
computer |
| Media type code |
c |
| Source |
rdamedia |
| 520 ## - SUMMARY, ETC. |
| Summary, etc. |
Alentado por una buena recepción de las dos primeras ediciones, presento la tercera versión de Finanzas internacionales, revisada y ampliada. Desde la última edición, el proceso de globalización sigue adelante y México se integra cada vez más a la economía mundial. En unos cuantos años la participación del comerció exterior en el PIB puede rebasar 60%. Por ello, el conocimiento de las finanzas internacionales es indispensable para un ejecutivo moderno y la demanda para este tipo de conocimiento crece. Como consecuencia de una parálisis política interna y acontecimientos externos desfavorables, la última década no fue buena para México. La entrada de China en la Organización Mundial de Comercio (OMC) y las reformas modernizadoras en varios países asiáticos redujeron la competitividad relativa de la economía y contribuyeron a la reducción de participación mexicana en las importaciones de Estados Unidos. En 2008, la peor crisis financiera y económica mundial desde la década de 1930 redujo 6% el PIB de México y contribuyó a un bajo crecimiento económico. La falta de reformas estructurales mantuvo un constante descenso de México en los indicadores internacionales de competitividad. Afortunadamente todos esos factores parecen desvanecerse y México está en el umbral de un nuevo auge económico basado en el consenso político, una mayor competitividad y una mayor inversión en infraestructura, educación y desarrollo tecnológico. Todo parece indicar que habrá más empleos para personas con conocimientos profesionales. |
| 856 40 - ELECTRONIC LOCATION AND ACCESS |
| Uniform Resource Identifier |
<a href="https://resolver.vitalsource.com/9781456211509">https://resolver.vitalsource.com/9781456211509</a> |
| 942 ## - ADDED ENTRY ELEMENTS (KOHA) |
| Koha item type |
Recurso Electrónico |